Logo Biblioteca

Leer x leer : (Registro nro. 969)

Detalles MARC
000 -LEADER
fixed length control field 01558nam a22003257a 4500
003 - CONTROL NUMBER IDENTIFIER
control field AR-RoUNCS
005 - DATE AND TIME OF LATEST TRANSACTION
control field 20260313105310.0
007 - PHYSICAL DESCRIPTION FIXED FIELD--GENERAL INFORMATION
fixed length control field ta
008 - FIXED-LENGTH DATA ELEMENTS--GENERAL INFORMATION
fixed length control field 260313s2004 ag a br f001 mdspa
015 ## - NATIONAL BIBLIOGRAPHY NUMBER
National bibliography number AR-2004
040 ## - CATALOGING SOURCE
Original cataloging agency AR-BaBN
Language of cataloging spa
Transcribing agency AR-RoUNCS
Description conventions aacr
044 ## - COUNTRY OF PUBLISHING/PRODUCING ENTITY CODE
MARC country code ag
ISO country code ar-c
080 1# - UNIVERSAL DECIMAL CLASSIFICATION NUMBER
Universal Decimal Classification number 82-34
Edition identifier 2016
245 00 - TITLE STATEMENT
Title Leer x leer :
Remainder of title lecturas para estudiantes
Number of part/section of a work Libro 3
Name of part/section of a work Primer año Polimodal (Tercer año secundaria común) /
Statement of responsibility, etc. [compilado por Gustavo Bombini].
246 14 - VARYING FORM OF TITLE
Title proper/short title Leer x leer :
Remainder of title educación secundaria
250 ## - EDITION STATEMENT
Edition statement 1a ed.
260 ## - PUBLICATION, DISTRIBUTION, ETC.
Place of publication, distribution, etc. Ciudad Autónoma de Buenos Aires :
Name of publisher, distributor, etc. Ministerio de Educacion de la Nación,
Date of publication, distribution, etc. 2004.
300 ## - PHYSICAL DESCRIPTION
Extent 183 p. :
Other physical details il. ;
Dimensions 19 cm.
490 ## - SERIES STATEMENT
Series statement Plan Nacional de Lectura ;
Volume/sequential designation 3
500 ## - GENERAL NOTE
General note Libro de distribución gratuita.
505 0# - FORMATTED CONTENTS NOTE
Title Te quiero /
Statement of responsibility Mario Benedetti --
Title Episodio de enemigos /
Statement of responsibility Jorge Luis Borges --
Title Las armas que carga el diablo /
Statement of responsibility Orlando van Bredam --
Title La casa encantada /
Statement of responsibility Virginia Wolf --
Title Carta de Don Quijote a Dulcinea del Toboso /
Statement of responsibility Miguel de Cervantes Saavedra--
Title La gruta de las maravillas /
Statement of responsibility Ricardo Palma --
Title Las líneas de la mano /
Statement of responsibility Julio Córtazar --
Title Sudeste --
Statement of responsibility Haroldo Conti --
Title Red /
Statement of responsibility Graciela Falbo --
Title El fantasma de Canterville /
Statement of responsibility Charly García.
521 4# - TARGET AUDIENCE NOTE
Target audience note Escuela primaria, primer ciclo.
650 #7 - SUBJECT ADDED ENTRY--TOPICAL TERM
Topical term or geographic name entry element Prácticas del lenguaje
Form subdivision Libros de texto (Secundaria)
Source of heading or term embne
650 #7 - SUBJECT ADDED ENTRY--TOPICAL TERM
Topical term or geographic name entry element Literatura infantil
Source of heading or term embne
655 #7 - INDEX TERM--GENRE/FORM
Genre/form data or focus term Poesías
Source of term embne
655 #7 - INDEX TERM--GENRE/FORM
Genre/form data or focus term Cuentos
655 #4 - INDEX TERM--GENRE/FORM
Genre/form data or focus term Literatura infantil
700 1# - ADDED ENTRY--PERSONAL NAME
Personal name Bombini, Gustavo.
Relator term coordinador
942 ## - ADDED ENTRY ELEMENTS (KOHA)
Source of classification or shelving scheme Universal Decimal Classification
Koha item type Obra General
Suppress in OPAC No
Existencias
Withdrawn status Lost status Source of classification or shelving scheme Damaged status Not for loan Collection Home library Current library Date acquired Source of acquisition Total checkouts Date last seen Copy number Uniform resource identifier Price effective from Koha item type
    Universal Decimal Classification     Colección General Biblioteca Escuela de Ciencias Sociales Biblioteca Escuela de Ciencias Sociales 13/03/2026 Donación 2023   13/03/2026 82-34 L486 000913 13/03/2026 Obra General
Biblioteca de la Escuela Preuniversitaria en Ciencias Sociales y Humanísticas.
Riobamba 250 bis.
CP 2000 - Rosario - Santa Fe
E-Mail: biblioteca@esociales.unr.edu.ar